Statistics for Formula One Drivers who won at Monaco

Click here to take the quiz!

General Stats

  • This quiz has been taken 168 times
    (90 since last reset)
  • The average score is 62 of 68

Answer Stats

YearAnswerNationality% Correct
1988Alain ProstFrance
99%
1984Alain ProstFrance
99%
1986Alain ProstFrance
99%
1985Alain ProstFrance
99%
1993Ayrton SennaBrazil
99%
1992Ayrton SennaBrazil
99%
1991Ayrton SennaBrazil
99%
1990Ayrton SennaBrazil
99%
1989Ayrton SennaBrazil
99%
1987Ayrton SennaBrazil
99%
1950Juan Manuel FangioArgentina
99%
1957Juan Manuel FangioArgentina
99%
1983Keke RosbergFinland
99%
2005Kimi RäikkonenFinland
99%
2019Lewis HamiltonUnited Kingdom
99%
2016Lewis HamiltonUnited Kingdom
99%
2008Lewis HamiltonUnited Kingdom
99%
1997Michael SchumacherGermany
99%
1999Michael SchumacherGermany
99%
1995Michael SchumacherGermany
99%
2001Michael SchumacherGermany
99%
1994Michael SchumacherGermany
99%
2015Nico RosbergGermany
99%
2014Nico RosbergGermany
99%
2013Nico RosbergGermany
99%
2018Daniel RicciardoAustralia
97%
2007Fernando AlonsoSpain
97%
2006Fernando AlonsoSpain
97%
2010Mark WebberAustralia
97%
2012Mark WebberAustralia
97%
2021Max VerstappenNetherlands
97%
1998Mika HäkkinenFinland
97%
1975Niki LaudaAustria
97%
1976Niki LaudaAustria
97%
1981Gilles VilleneuveCanada
96%
2011Sebastian VettelGermany
96%
2017Sebastian VettelGermany
96%
2022Sergio PerezMexico
96%
2009Jenson ButtonUnited Kingdom
95%
1979Jody ScheckterSouth Africa
95%
1977Jody ScheckterSouth Africa
95%
2003Juan Pablo MontoyaColombia
94%
2002David CoulthardUnited Kingdom
91%
2000David CoulthardUnited Kingdom
91%
1965Graham HillUnited Kingdom
91%
1968Graham HillUnited Kingdom
91%
1969Graham HillUnited Kingdom
91%
1963Graham HillUnited Kingdom
91%
1964Graham HillUnited Kingdom
91%
1959Jack BrabhamAustralia
91%
1973Jackie StewartUnited Kingdom
91%
1971Jackie StewartUnited Kingdom
91%
1966Jackie StewartUnited Kingdom
91%
2004Jarno TrulliItaly
88%
1967Denny HulmeNew Zealand
86%
1980Carlos ReutemannArgentina
83%
1970Jochen RindtAustria
83%
1962Bruce McLarenNew Zealand
82%
1974Ronnie PetersonSweden
82%
1961Stirling MossUnited Kingdom
78%
1960Stirling MossUnited Kingdom
78%
1956Stirling MossUnited Kingdom
78%
1996Olivier PanisFrance
72%
1982Riccardo PatreseItaly
67%
1955Maurice TrintignantFrance
49%
1958Maurice TrintignantFrance
49%
1978Patrick DepaillerFrance
49%
1972Jean-Pierre BeltoiseFrance
38%

Score Distribution

Percentile by Number Answered

Percent of People with Each Score

Your Score History

You have not taken this quiz since the last reset